Polska-Islandia - Statystyki

Ogólne statystyki
  • Ten quiz został rozwiązany 18 razy
  • Średni wynik to 14 z 17
Statystyki odpowiedzi
Odpowiedź % Poprawnych
Robert Lewandowski
100%
Arkadiusz Milik
94%
Grzegorz Krychowiak
94%
Jakub Błaszczykowski
94%
Kamil Glik
94%
Łukasz Piszczek
94%
Piotr Zieliński
94%
Wojciech Szczęsny
94%
Kamil Grosicki
88%
Maciej Rybus
82%
Bartosz Kapustka
76%
Jakub Wawrzyniak
76%
Karol Linetty
71%
Łukasz Szukała
71%
Artur Sobiech
65%
Krzysztof Mączyński
59%
Mariusz Stępiński
35%
Nie znaleziono quizów pasujących do podanych kryteriów
Rozkład punktacji
Procent ludzi z każdym wynikiem
Percentyl według liczby udzielonych odpowiedzi
Twoja historia wyników
Nie rozwiązałeś tego quizu